Urban geography / (Record no. 39370)

MARC details
000 -LEADER
fixed length control field 00813nam a22002297a 4500
005 - DATE AND TIME OF LATEST TRANSACTION
control field 20100805112650.0
010 ## - LCCN (DPL NO)
LC control number ENG-98301
020 ## - INTERNATIONAL STANDARD BOOK NUMBER
International Standard Book Number 9788189012819
Terms of availability 525.00
035 ## - SYSTEM CONTROL NUMBER
System control number EN-81834
037 ## - SOURCE OF ACQUISITION
Source of stock number/acquisition DBAD/PUB
082 ## - DEWEY DECIMAL CLASSIFICATION NUMBER
Classification number 910.91732
100 ## - MAIN ENTRY--PERSONAL NAME
Personal name Doniwal, Hemant Kumar
245 ## - TITLE STATEMENT
Title Urban geography /
Statement of responsibility, etc by Hemant Kumar Doniwal
260 ## - PUBLICATION, DISTRIBUTION, ETC. (IMPRINT)
Place of publication, distribution, etc New Delhi
Name of publisher, distributor, etc Gnosis
Date of publication, distribution, etc 2009
270 ## - ADDRESS
Address E-35/103 Jawahar Park Laxmi Nagar
City Delhi
Postal code 110092
300 ## - PHYSICAL DESCRIPTION
Extent x,211p
Dimensions 22cm(Hb)
500 ## - GENERAL NOTE
General note Includes bibliographical references and index
650 ## - SUBJECT ADDED ENTRY--TOPICAL TERM
Topical term or geographic name as entry element Urban Geography
650 ## - SUBJECT ADDED ENTRY--TOPICAL TERM
Topical term or geographic name as entry element Cities and towns
942 ## - ADDED ENTRY ELEMENTS (KOHA)
Source of classification or shelving scheme Dewey Decimal Classification
Item type English Books
Classification part 910.91732
Call number suffix DON
Holdings
Withdrawn status Lost status Not for loan Collection code Home library Current library Date acquired Source of acquisition Cost, normal purchase price Full call number Barcode Copy number Cost, replacement price Koha item type
    Not For Loan Non-fiction D.B.Act.Division D.B.Act.Division 05/08/2010 DBAD/PUB 525.00 910.91732 DON EN-81834 1 525.00 English Books

© Delhi Public Library
Hit Counter
free hit counter